Aaron Rodgers Quiz - Statistics

General Stats
  • This quiz has been taken 130 times
  • The average score is 10 of 15
Answer Stats
Hint Answer % Correct
How many teams has he played with? 2
96%
How many Super Bowl wins does he have? 1
95%
What college did he graduate from? Cal
92%
How many playoff loses does he have? 10
87%
How many Playoff wins does he have? 12
85%
Who was his favorite team growing up? 49ers
83%
Who has he thrown the most TD's too? Davante Adams
82%
How many D-1 offers did he have out of High school? 0
75%
What insurance company does he associate with? State Farm
70%
Where is Rodgers from? California
64%
Where does he rank in all time TD's? 5th
32%
Where does he rank in all time yards? 9th
28%
Who was Aaron Rodgers favorite QB growing up? Marino
27%
How many TD's did he throw on the Packers? 475
19%
In what passing stats does he lead in Packers history? TD's
18%
No matching quizzes found
Score Distribution
Percent of People with Each Score
Percentile by Number Answered
Your Score History
You have not taken this quiz